000 00480nam a22001337a 4500
008 160414b xxu||||| |||| 00| 0 eng d
082 _22006
_aUT 0144
_bP13
100 _95590
_aPadojinog, Odyssa Marie C.
245 _aFaculty and students' perceptions on the term system of UM Digos College/
_cOdyssa Marie C. Padojinog.
260 _aDigos City:
_bUMDC
_cMarch 2006.
300 _a52 pages;
_c29 cm.
650 0 _95593
_aLiberal Arts
_vEnglish
_xUndergraduate thesis.
942 _2ddc
_cUT
999 _c1762
_d1762